Micro Windows Nt Network Administrative Training Kit (Record no. 300386)

MARC details
000 -LEADER
fixed length control field 00465nam a2200169Ia 4500
008 - FIXED-LENGTH DATA ELEMENTS--GENERAL INFORMATION
fixed length control field 230718s9999 xx 000 0 und d
041 ## - LANGUAGE CODE
Language code of text/sound track or separate title eng
082 ## - DEWEY DECIMAL CLASSIFICATION NUMBER
Classification number 005.43
Item number MIC
100 ## - MAIN ENTRY--PERSONAL NAME
Personal name Microsoft
9 (RLIN) 109114
245 ## - TITLE STATEMENT
Title Micro Windows Nt Network Administrative Training Kit
260 ## - PUBLICATION, DISTRIBUTION, ETC. (IMPRINT)
Date of publication, distribution, etc. 1997
Name of publisher, distributor, etc. Microsoft
300 ## - PHYSICAL DESCRIPTION
Extent 520
Accompanying material [OBSOLETE, CAN/MARC] Ref 921 C (11592)
365 ## - TRADE PRICE
Currency code Rs.
Price amount 3591.00
500 ## - GENERAL NOTE
Keywords 921 C
700 ## - ADDED ENTRY--PERSONAL NAME
Personal name Microsoft
9 (RLIN) 109114
906 ## - LOCAL DATA ELEMENT F, LDF (RLIN)
d B:432523-May-2000
c COMP
b 538.65
Holdings
Withdrawn status Lost status Source of classification or shelving scheme Reference No Damaged status Not for loan Home library Current library Date acquired Vendor Budget Code Cost, normal purchase price Bill number Full call number Barcode Date last seen Discount Cost, replacement price Bill Date Koha item type Original Barcode
    Dewey Decimal Classification Ref 921 C (11592)   Reference Cummins College of Engineering for Women Pune Cummins College of Engineering for Women Pune 03/07/2000 Tbs COMP 3052.35 4325 005.43 CCEP-BK-11592 18/07/2023 538.65 3591.00 23/05/2000 Books 011592